|
|
|
|
| LEADER |
00669nta a2200193 i 4500 |
| 001 |
dokt8761 |
| 005 |
20240322094926.0 |
| 008 |
240322s1958 hu om 0|| hun d |
| 040 |
|
|
|a SZTE Doktori Repozitórium
|b hun
|
| 041 |
|
|
|a hun
|
| 100 |
1 |
|
|a Szabó János
|
| 245 |
1 |
0 |
|a Tanulmányok a spasmolytikus hatású aryl-benzo-[e] -1
|h [elektronikus dokumentum] :
|b 3-thiazinszármazékok körében /
|c Szabó János
|
| 260 |
|
|
|c 1958
|
| 502 |
|
|
|a Disszertacio
|
| 650 |
|
4 |
|a kémiai tudományok
|
| 650 |
|
4 |
|a Kémiai tudományok
|
| 695 |
|
|
|a Kémia
|
| 700 |
0 |
1 |
|a nincs megadva
|e ths
|
| 856 |
4 |
0 |
|u https://doktori.bibl.u-szeged.hu/id/eprint/8761/1/1958_szabo_janos.pdf
|z Dokumentum-elérés
|